Los derechos fundamentales del detenido

Bibliographic Details
Main Author: Fustero Bernad, Amalia
Format: eBook
Language:Spanish
Published: Barcelona: J.M. Bosch Editor, 2019
Subjects:
Online Access:Acceso restringido

MARC

LEADER 00000nam a22000007a 4500
005 20200302222544.0
007 cr|||| ||||
008 200302s2019 es |||||s|||| 00||0 spa d
020 |a 978-84-120546-3-7 
035 |a 31098 
040 |a vLex 
090 |c 10140  |d 10140 
100 1 |a Fustero Bernad, Amalia 
245 1 3 |a Los derechos fundamentales del detenido  |h [Recurso electrn̤ico] /  |c Amalia Fustero Bernad 
256 |a Servicio en ln̕ea 
260 |a Barcelona:  |b J.M. Bosch Editor,  |c 2019 
300 |a 1 recurso electrn̤ico 
500 |a Subtt̕ulo: La Ley Reguladora de Bases de Rǧimen Local. Ms̀ de treinta aǫs de desamparo en los calabozos. A da̕ de hoy no existe una disposicin̤ legal que referencie la naturaleza jurd̕ica de las estancias que configuran los deps̤itos municipales de detenidos, encontrǹdonos en un escenario con ml︢tiples intervinientes fs̕icos y jurd̕icos que no pueden homogeneizar las garanta̕s jurd̕icas consignadas en nuestra Carta Magna a las personas privadas temporalmente de libertad. Desde la promulgacin̤ de la Ley 7/1985, de 2 de abril, Reguladora de Bases de Rǧimen Local, hace ya ms̀ de treinta aǫs, existe un vaco̕ legal que pretende paliarse con la aprobacin̤ por parte de determinados Ayuntamientos de Reglamentos internos, en los que se intentan regular entre otros aspectos: el ingreso y cacheo del custodiado, el rǧimen de sus visitas, sus derechos y deberes, ̤como debe realizarse su vigilancia y traslado... Este libro es fruto de una reflexin̤ personal sobre la necesidad de elaborar y aprobar una Ley Orgǹica de custodia de detenidos, pues sl̤o as ̕se preserva la integridad y el ejercicio efectivo de sus Derechos Fundamentales mientras su actividad deambulatoria se encuentra vetada. 
506 1 |a Disponible solo en los productos indicados  |d vLex Global  |d vLex Global (Academic Edition, excluding Law Schools)  |d vLex Global (U.S. Academic Edition, Law Schools)  |d vLex Global (U.S. Academic Edition, excluding Law Schools)  |d vLex Global (Academic Edition, Law Schools) 
650 0 4 |a Derecho Penal  |z Espaą 
650 0 4 |a Derecho Pb︢lico y Administrativo  |z Espaą 
740 0 |a vLex Libros (Servicio en ln̕ea) 
856 4 0 |u http://vlex.com/source/derechos-fundamentales-del-detenido-la-ley-reguladora-de-bases-de-regimen-local-mas-de-treinta-a-os-de-desamparo-en-los-calabozos-31098  |z Acceso restringido 
942 |c BOOK 
999 0 4 |a Criminal Law 
999 0 4 |a Public and Administrative Law